[Event "Ì11Ï"]
[Site "Loo"]
[Date "2017.04.24"]
[Round "5.20"]
[White "Ñåïèàøâèëè, Èâàí."]
[Black "Ãàëèåâ, Ýðíåñò."]
[Result "1/2-1/2"]
[WhiteElo "1431"]
[BlackElo "1324"]
[PlyCount "97"]
[EventDate "2017.04.20"]

1. e4 e6 2. d4 d5 3. Nc3 Nf6 4. e5 Nfd7 5. f4 c5 6. Nf3 Nc6 7. Be3 cxd4 8. Nxd4
Bc5 9. Qd2 Bxd4 10. Bxd4 Nxd4 11. Qxd4 Qb6 12. Qxb6 Nxb6 13. O-O-O Bd7 14. Bb5
Bxb5 15. Nxb5 Ke7 16. Nd6 Rab8 17. Rd3 Nc4 18. Nxc4 dxc4 19. Rd4 b5 20. Rd6 a5
21. Rhd1 Rhd8 22. Rxd8 Rxd8 23. Rxd8 Kxd8 24. Kd2 Kc7 25. Ke3 Kc6 26. Kd4 Kb6
27. b3 cxb3 28. cxb3 Kc6 29. a4 Kb6 30. g4 Kc6 31. g5 Kb6 32. h4 Kc6 33. axb5+
Kxb5 34. Kc3 Kc5 35. Kd3 Kb5 36. Kc3 Kc5 37. Kd3 Kb4 38. Kc2 a4 39. bxa4 Kxa4
40. Kc3 Kb5 41. Kb3 Kc5 42. Kc3 Kd5 43. Kd3 g6 44. Ke3 Kc4 45. Ke4 Kc3 46. Ke3
Kc4 47. Ke4 Kc5 48. Ke3 Kc4 49. Ke4 1/2-1/2

[Event "Ì11Ï"]
[Site "Loo"]
[Date "2017.04.24"]
[Round "5.21"]
[White "Âîëîøêèí, Äàíèèë."]
[Black "Ôàèçîâ, Ðàèëü."]
[Result "1-0"]
[WhiteElo "1418"]
[BlackElo "1293"]
[PlyCount "83"]
[EventDate "2017.04.20"]

1. e4 e5 2. Nf3 Nc6 3. Bc4 Nf6 4. Ng5 d5 5. exd5 Na5 6. Bb5+ Bd7 7. Qe2 Be7 8.
Bxd7+ Qxd7 9. Qxe5 Qxd5 10. Qxd5 Nxd5 11. Nf3 Nc6 12. a3 Bf6 13. O-O O-O 14.
Nc3 Rad8 15. Ne4 Rfe8 16. d3 Be7 17. Bd2 Nf6 18. Nc3 Nd5 19. Rfe1 Nxc3 20. Bxc3
Bf8 21. Re3 Ne7 22. Rae1 f6 23. Nd4 Kf7 24. Ne6 Rd7 25. Nxf8 Kxf8 26. Bb4 Kf7
27. Rxe7+ Rdxe7 28. Bxe7 Rxe7 29. Rxe7+ Kxe7 30. f4 Ke6 31. Kf2 Kf5 32. Kf3 h5
33. h4 g6 34. d4 a6 35. c4 b5 36. cxb5 axb5 37. d5 c6 38. dxc6 Ke6 39. c7 Kd7
40. c8=Q+ Kxc8 41. Ke4 Kd7 42. Kd5 1-0

[Event "Ì11Ï"]
[Site "Loo"]
[Date "2017.04.24"]
[Round "5.22"]
[White "Äîâáíÿ, Íèêèòà."]
[Black "Ïîçäååâ, Äìèòðèé."]
[Result "1-0"]
[WhiteElo "1408"]
[BlackElo "1281"]
[PlyCount "79"]
[EventDate "2017.04.20"]

1. d4 Nf6 2. Bg5 e6 3. e4 h6 4. Bxf6 Qxf6 5. Nf3 c5 6. c3 Nc6 7. a3 d5 8. e5
Qg6 9. Nbd2 c4 10. g3 a5 11. Bg2 a4 12. O-O b5 13. Rc1 Be7 14. Qe2 O-O 15. Ne1
b4 16. axb4 a3 17. bxa3 Bd7 18. Ra1 f6 19. f4 f5 20. Nc2 Ra4 21. Bf3 Be8 22.
Qg2 Na7 23. Bd1 Nb5 24. Nb1 Ra8 25. a4 Nc7 26. a5 Nb5 27. Qf3 h5 28. Nba3 Nc7
29. Ne3 h4 30. Bc2 hxg3 31. hxg3 Bd7 32. Kf2 Kf7 33. Rh1 Rh8 34. Rxh8 Rxh8 35.
Rh1 Rg8 36. g4 Kf8 37. gxf5 exf5 38. Qh3 Qf7 39. Bxf5 Bxf5 40. Qxf5 1-0

[Event "Ì11Ï"]
[Site "Loo"]
[Date "2017.04.24"]
[Round "5.23"]
[White "Ãàãàðèíîâ, Àíäðåé."]
[Black "Áèñêóï, Ñòåïàí."]
[Result "1-0"]
[WhiteElo "1297"]
[BlackElo "1394"]
[PlyCount "149"]
[EventDate "2017.04.20"]

1. e4 c5 2. Nf3 e6 3. d4 cxd4 4. Nxd4 a6 5. Bd3 Qc7 6. O-O Be7 7. Qe2 Nf6 8. e5
Nd5 9. c4 Nb6 10. b3 Nc6 11. Nxc6 bxc6 12. Bb2 O-O 13. Kh1 Bb7 14. Qe4 g6 15.
Qe3 Rfd8 16. Qh6 Bf8 17. Qc1 Bg7 18. Qe3 d5 19. exd6 Qxd6 20. Bxg7 Kxg7 21. Be2
c5 22. Nc3 Qd4 23. Rad1 Qxe3 24. fxe3 f5 25. Bf3 Bxf3 26. gxf3 Nd7 27. f4 Nf6
28. h3 Ne4 29. Nxe4 fxe4 30. Kg2 Kf6 31. Kf2 a5 32. Ke2 a4 33. Rxd8 Rxd8 34.
Rd1 Rxd1 35. Kxd1 a3 36. Kc2 e5 37. fxe5+ Kxe5 38. Kc3 Kd6 39. b4 cxb4+ 40.
Kxb4 Kc6 41. Kxa3 g5 42. Kb2 Kc5 43. Kc2 Kxc4 44. a4 Kb4 45. a5 Kxa5 46. Kc3 h5
47. Kd4 g4 48. hxg4 hxg4 49. Kxe4 Kb5 50. Kf4 g3 51. Kxg3 Kc5 52. Kf4 Kd6 53.
Kf5 Ke7 54. Ke5 Ke8 55. Ke6 Kd8 56. e4 Ke8 57. e5 Kd8 58. Kf7 Kd7 59. e6+ Kd6
60. e7 Kd5 61. e8=Q Kd6 62. Qe6+ Kc5 63. Qe4 Kd6 64. Kf6 Kc5 65. Ke6 Kb5 66.
Kd6 Kb6 67. Qc6+ Ka5 68. Qb7 Ka4 69. Qb6 Ka3 70. Qb5 Ka2 71. Qb4 Ka1 72. Kc5
Ka2 73. Kc4 Ka1 74. Kc3 Ka2 75. Qb2# 1-0

[Event "Ì11Ï"]
[Site "Loo"]
[Date "2017.04.24"]
[Round "5.24"]
[White "Îñèïåíêî, Èâàí."]
[Black "Çàêèðîâ, Òèìóð."]
[Result "1-0"]
[WhiteElo "1390"]
[BlackElo "1253"]
[PlyCount "117"]
[EventDate "2017.04.20"]

1. d4 Nf6 2. Nf3 e6 3. e3 c5 4. Bd3 Be7 5. c4 O-O 6. O-O Nc6 7. Nc3 b6 8. d5
Na5 9. e4 d6 10. a3 e5 11. b4 Nb7 12. Ne1 h6 13. f4 Nh7 14. Nf3 Bf6 15. fxe5
Bxe5 16. Nxe5 dxe5 17. Be2 Nf6 18. Be3 a6 19. Qe1 Qd6 20. b5 axb5 21. Nxb5 Qe7
22. Bf3 Bd7 23. Rb1 Bxb5 24. Rxb5 Nd6 25. Rxb6 Nxc4 26. Rc6 Nd7 27. Qf2 Rxa3
28. Bxc5 Nxc5 29. Qxc5 Qxc5+ 30. Rxc5 Nd6 31. Rc6 Rd8 32. Rb1 f5 33. exf5 Nxf5
34. Be4 Ne7 35. Rc5 Ra4 36. Bc2 Rd4 37. Rd1 R8xd5 38. Rxd5 Nxd5 39. Rxd4 exd4
40. Bb3 Kf7 41. Bxd5+ Kf6 42. Bb3 Ke5 43. Kf2 Ke4 44. Ke2 g5 45. Bc2+ Kf4 46.
Bd3 h5 47. Kf2 h4 48. g3+ Kg4 49. Kg2 Kh5 50. Kh3 Kh6 51. Kg4 hxg3 52. hxg3 Kg7
53. Kxg5 Kf7 54. Kh6 Kg8 55. g4 Kh8 56. g5 Kg8 57. g6 Kh8 58. g7+ Kg8 59. Bc4#
1-0

[Event "Ì11Ï"]
[Site "Loo"]
[Date "2017.04.24"]
[Round "5.25"]
[White "Ãðèùåíêî, Àðò¸ì."]
[Black "ßò÷åíêî, Ëåîíèä."]
[Result "1/2-1/2"]
[WhiteElo "1384"]
[BlackElo "1233"]
[PlyCount "166"]
[EventDate "2017.04.20"]

1. e4 c5 2. d4 cxd4 3. c3 dxc3 4. Nxc3 Nc6 5. Bc4 e6 6. Nf3 Bc5 7. O-O Nge7 8.
Qe2 O-O 9. Rd1 a6 10. Bf4 b5 11. Bb3 Bb7 12. Rac1 Bb6 13. Qd2 Bc7 14. Bxc7 Qxc7
15. Qxd7 Qb6 16. Qd3 Rfd8 17. Qe2 Ng6 18. Qe3 Qxe3 19. fxe3 Nb4 20. a3 Nd3 21.
Rc2 Nc5 22. Rcd2 Rxd2 23. Nxd2 Rd8 24. Bc2 Ne5 25. b4 Ncd7 26. Ne2 Nb6 27. Kf2
Nd3+ 28. Kf3 Nb2 29. Rb1 Rxd2 30. Rxb2 Na4 31. Ra2 Rxe2 32. Kxe2 Nc3+ 33. Kd2
Nxa2 34. Bb1 Kf8 35. Bxa2 Bxe4 36. g3 e5 37. Bb3 Ke7 38. Ke1 f6 39. Kd2 Kd6 40.
Kc3 g5 41. Bg8 Ke7 42. Kd2 h6 43. Bb3 f5 44. Bd1 Ke6 45. Bb3+ Kf6 46. Bd1 f4
47. exf4 gxf4 48. gxf4 exf4 49. Bg4 Bb7 50. Ke2 Ke5 51. Kd3 Bd5 52. Kd2 Kd4 53.
Ke2 Kc4 54. Bc8 Kb3 55. Bxa6 Kxa3 56. Bxb5 Kxb4 57. Bd3 Kc3 58. Bf5 Kd4 59. Bg4
Ke5 60. Kf2 Kf6 61. h4 Kg6 62. Bd1 h5 63. Bc2+ Kf6 64. Bb1 Ke5 65. Bg6 Kf6 66.
Bxh5 Bc6 67. Bd1 Ke5 68. Bf3 Be8 69. Bd1 Bh5 70. Bxh5 Kf6 71. Kf3 Kg7 72. Kxf4
Kg8 73. Kg5 Kh8 74. Kh6 Kg8 75. Bg6 Kh8 76. h5 Kg8 77. Bf7+ Kxf7 78. Kh7 Kf8
79. Kg6 Kg8 80. Kh6 Kf7 81. Kh7 Kf8 82. Kg6 Kg8 83. h6 Kh8 1/2-1/2

[Event "Ì11Ï"]
[Site "Loo"]
[Date "2017.04.24"]
[Round "5.26"]
[White "Õàððàñîâ, Äìèòðèé."]
[Black "Êðîòîâ, Äàìèàí."]
[Result "0-1"]
[WhiteElo "1232"]
[BlackElo "1466"]
[PlyCount "98"]
[EventDate "2017.04.20"]

1. d4 d5 2. Nf3 Nf6 3. e3 Bf5 4. Nbd2 e6 5. b3 Bd6 6. Bb2 Nbd7 7. Be2 c6 8. O-O
O-O 9. Ne5 Qc7 10. f4 Rac8 11. Rf3 c5 12. c4 cxd4 13. exd4 Ne4 14. Nxe4 Bxe4
15. Rg3 Nf6 16. Rc1 Qb8 17. c5 Bc7 18. c6 Bd6 19. Bh5 Bxe5 20. fxe5 Nxh5 21.
Qxh5 Rxc6 22. Rf1 Bg6 23. Qg5 Qd8 24. Qg4 Qe7 25. b4 Rc2 26. Bc1 h5 27. Qf3
Rfc8 28. Bg5 Qxb4 29. Bf6 Qxd4+ 30. Kh1 R2c3 31. Qxh5 Bxh5 32. Rxg7+ Kf8 33.
Rh7 Ke8 34. Rxh5 Rc1 35. Rh8+ Kd7 36. Rd8+ Rxd8 37. Rxc1 Rc8 38. Rf1 Qf2 39.
Rd1 Rc2 40. Rg1 Rxa2 41. h4 Qg3 42. h5 Rc2 43. h6 Rc8 44. h7 Qg6 45. Kh2 Qxh7+
46. Kg3 Rc3+ 47. Kf2 Rc2+ 48. Ke1 Qe4+ 49. Kd1 Qe2# 0-1

[Event "Ì11Ï"]
[Site "Loo"]
[Date "2017.04.24"]
[Round "5.27"]
[White "Ìàñòåðñêèõ, Áîãäàí."]
[Black "ßðèêîâ, Àðòåì."]
[Result "1/2-1/2"]
[WhiteElo "1344"]
[BlackElo "1478"]
[PlyCount "82"]
[EventDate "2017.04.20"]

1. d4 d5 2. Nf3 Nf6 3. e3 Bf5 4. c4 c6 5. Nc3 e6 6. Nh4 Bg6 7. Nxg6 hxg6 8. Bd3
Bd6 9. h3 Nbd7 10. Bd2 O-O 11. Rc1 dxc4 12. Bxc4 Nb6 13. Bb3 Nbd5 14. Qe2 Bc7
15. e4 Nb6 16. Be3 Re8 17. Rd1 Qe7 18. Bg5 Qb4 19. O-O a5 20. Bd2 Qe7 21. Rfe1
Kf8 22. a3 Kg8 23. Bg5 Qf8 24. Qf3 Bd8 25. Ne2 Be7 26. Nf4 Bd8 27. Qg3 Nh7 28.
Bxd8 Raxd8 29. Bc2 Nf6 30. Re3 Qe7 31. Ree1 Qf8 32. Qb3 Nfd7 33. Re3 Qd6 34. e5
Qe7 35. Rg3 Rb8 36. Qd3 Rbd8 37. Qe2 Nd5 38. Qg4 Nxf4 39. Qxf4 Nb6 40. Qd2 Ra8
41. Qc3 Nd5 1/2-1/2

[Event "Ì11Ï"]
[Site "Loo"]
[Date "2017.04.24"]
[Round "5.28"]
[White "Êóðíîñîâ, Åãîð."]
[Black "Ìåðöàëîâ, Ðîìàí."]
[Result "1-0"]
[WhiteElo "1467"]
[BlackElo "1344"]
[PlyCount "105"]
[EventDate "2017.04.20"]

1. d4 d5 2. c4 c6 3. Nc3 Nf6 4. Bg5 h6 5. Bh4 Nbd7 6. Nf3 e6 7. e3 Be7 8. c5 b6
9. b4 a5 10. a3 Ne4 11. Nxe4 dxe4 12. Bxe7 Qxe7 13. Nd2 f5 14. Nc4 bxc5 15.
bxc5 O-O 16. Nd6 Nf6 17. Qb3 Nd5 18. Bc4 a4 19. Qc2 Bd7 20. O-O Qg5 21. Bxd5
exd5 22. f4 exf3 23. Rxf3 f4 24. exf4 Rxf4 25. Rxf4 Qxf4 26. Qf2 Qxf2+ 27. Kxf2
Rf8+ 28. Ke3 Rb8 29. Ra2 Rb3+ 30. Kd2 g5 31. Kc2 Kg7 32. Rb2 Rxb2+ 33. Kxb2 Bg4
34. Kc3 Kf6 35. Kb4 Bd1 36. Ka5 Ke6 37. Kb6 Kd7 38. Nb7 Be2 39. Nd6 h5 40. Ka5
Bd1 41. Kb6 Be2 42. Nf7 Bb5 43. Nxg5 Ke7 44. Nf3 Kd8 45. Ne5 Kc8 46. Nxc6 Bc4
47. Ne5 Bb3 48. c6 h4 49. c7 h3 50. gxh3 Bc2 51. Nf7 Bb1 52. Kc6 Bf5 53. Nd6#
1-0

[Event "Ì11Ï"]
[Site "Loo"]
[Date "2017.04.24"]
[Round "5.29"]
[White "Ãðèøèí, Ïåòð."]
[Black "Ôàäååâ, Àëåêñåé."]
[Result "0-1"]
[WhiteElo "1343"]
[BlackElo "1431"]
[PlyCount "130"]
[EventDate "2017.04.20"]

1. e4 d5 2. exd5 Nf6 3. Nf3 Qxd5 4. Nc3 Qa5 5. Bc4 Bg4 6. d3 Bxf3 7. Qxf3 Qe5+
8. Be3 c6 9. O-O-O e6 10. Bf4 Qc5 11. Nb5 Na6 12. Be3 Qh5 13. Qxh5 Nxh5 14. Nd4
Nc7 15. Rhe1 O-O-O 16. Nf3 Kb8 17. Ne5 Re8 18. Nxf7 Rg8 19. Ng5 h6 20. Nf3 Bd6
21. Bd2 Nf4 22. Bxf4 Bxf4+ 23. Kb1 Rgf8 24. Re2 a5 25. Rde1 Rf6 26. Nd4 e5 27.
Nf3 b5 28. g3 Bxg3 29. hxg3 Rxf3 30. Rxe5 Rxe5 31. Rxe5 bxc4 32. dxc4 Rxf2 33.
b3 a4 34. Re7 axb3 35. cxb3 g6 36. Rg7 Rf6 37. Kb2 h5 38. a4 Ne6 39. Rg8+ Kc7
40. a5 c5 41. Rh8 Kb7 42. Ka3 Nd4 43. Rh7+ Ka6 44. Rc7 Rc6 45. Rh7 Kxa5 46. Kb2
Kb6 47. Rf7 Nf5 48. Rd7 Nxg3 49. Rd3 h4 50. Rd2 g5 51. Rg2 Ne4 52. Rg4 Re6 53.
Kc2 h3 54. Rg1 h2 55. Rh1 Rh6 56. Kb2 Nf2 57. Rxh2 Rxh2 58. Kc3 Rh3+ 59. Kb2 g4
60. b4 cxb4 61. Ka2 Rh2 62. c5+ Kb5 63. c6 Nd3+ 64. Kb1 b3 65. c7 Rh1# 0-1

[Event "Ì11Ï"]
[Site "Loo"]
[Date "2017.04.24"]
[Round "5.30"]
[White "Ìàêñèí, Âëàäèìèð."]
[Black "Âàõòèí, Ïåòð."]
[Result "1/2-1/2"]
[WhiteElo "1325"]
[BlackElo "1428"]
[PlyCount "86"]
[EventDate "2017.04.20"]

1. d4 d5 2. c4 e6 3. Nf3 Nf6 4. g3 c6 5. Bg2 Nbd7 6. O-O Be7 7. Nc3 O-O 8. Nd2
h6 9. e4 dxe4 10. Ndxe4 Nxe4 11. Nxe4 Nf6 12. Be3 Nxe4 13. Bxe4 f5 14. Bg2 Bf6
15. d5 cxd5 16. cxd5 exd5 17. Bxd5+ Kh8 18. Qb3 Be5 19. Rfd1 Qf6 20. Rd2 f4 21.
Bc5 Rd8 22. Ba3 Rb8 23. Re1 Bg4 24. Qc2 Bf5 25. Qc5 b6 26. Qe7 Bd6 27. Qxf6
gxf6 28. Bb3 Bxa3 29. Rxd8+ Rxd8 30. bxa3 fxg3 31. hxg3 a5 32. Re7 Rd6 33. Rb7
Be4 34. Rc7 Bf5 35. Rb7 Be6 36. Bxe6 Rxe6 37. Kg2 Kg8 38. Kf3 Rc6 39. Kf4 Rc2
40. f3 Rxa2 41. Rxb6 Rxa3 42. Rxf6 Kg7 43. Ra6 h5 1/2-1/2

[Event "Ì11Ï"]
[Site "Loo"]
[Date "2017.04.24"]
[Round "5.31"]
[White "Óëüÿíîâ, Íèêèòà."]
[Black "Çåíêîâ, Ìàêñèì."]
[Result "1-0"]
[WhiteElo "1316"]
[BlackElo "1408"]
[PlyCount "57"]
[EventDate "2017.04.20"]

1. e4 e6 2. d4 d5 3. e5 c5 4. c3 Nc6 5. Nf3 Qb6 6. Qb3 cxd4 7. Qxb6 axb6 8.
cxd4 Nb4 9. Bb5+ Bd7 10. Bxd7+ Kxd7 11. Kd2 Ne7 12. Nc3 Nf5 13. g4 Nh6 14. h3
Be7 15. Ke2 Rhc8 16. a3 Rc6 17. Bxh6 gxh6 18. axb4 Rxa1 19. Rxa1 Bxb4 20. Rc1
Ba5 21. Na2 b5 22. Rxc6 bxc6 23. b4 Bd8 24. Nd2 Be7 25. Nb3 Kc7 26. Nc5 Bg5 27.
Nd3 Kd8 28. f4 Bh4 29. Kf3 1-0

[Event "Ì11Ï"]
[Site "Loo"]
[Date "2017.04.24"]
[Round "5.32"]
[White "Ïóãà÷, Ãëåá."]
[Black "Ãðèøèí, ßðîñëàâ."]
[Result "0-1"]
[WhiteElo "1403"]
[BlackElo "1296"]
[PlyCount "71"]
[EventDate "2017.04.20"]

1. e4 c5 2. Nf3 Nc6 3. d4 cxd4 4. Nxd4 g6 5. c4 Nf6 6. Nc3 Nxd4 7. Qxd4 d6 8.
Be2 Bg7 9. Qd3 O-O 10. O-O Be6 11. Be3 Qa5 12. f3 Rac8 13. Nd5 Bxd5 14. cxd5
Nd7 15. Qb3 Nc5 16. Qb5 Qxb5 17. Bxb5 Bxb2 18. Rab1 Bg7 19. Be2 b6 20. Bb5 Rc7
21. a4 Nb7 22. Rfc1 Rfc8 23. Ba6 Rxc1+ 24. Bxc1 Bd4+ 25. Kf1 Rc7 26. Bxb7 Rxb7
27. Bh6 Rc7 28. a5 f6 29. Ke2 g5 30. axb6 Bxb6 31. f4 Rc2+ 32. Ke1 Rxg2 33. Rc1
Rg1+ 34. Kd2 Rxc1 35. Kxc1 Be3+ 36. Kc2 0-1

[Event "Ì11Ï"]
[Site "Loo"]
[Date "2017.04.24"]
[Round "5.33"]
[White "Êóäèíîâ, Ðîìàí."]
[Black "Òåòþåâ, Ñòåïàí."]
[Result "0-1"]
[WhiteElo "1163"]
[BlackElo "1395"]
[PlyCount "120"]
[EventDate "2017.04.20"]

1. Nf3 Nf6 2. d4 g6 3. c4 Bg7 4. Nc3 d5 5. Bf4 O-O 6. e3 c5 7. Qb3 e6 8. dxc5
Qa5 9. Be5 Nbd7 10. Bd4 Nxc5 11. Qb5 Qxb5 12. Nxb5 Nfe4 13. cxd5 Bxd4 14. Nfxd4
exd5 15. Nc7 Rb8 16. Nxd5 Be6 17. Nf4 Rfe8 18. Nfxe6 Nxe6 19. Nxe6 Rxe6 20. Bc4
Rd6 21. Be2 Rc8 22. Bf3 Nc5 23. O-O Rd2 24. b3 b6 25. Rfd1 Rcd8 26. h3 Ne4 27.
Rxd2 Nxd2 28. Be2 Ne4 29. f3 Nc3 30. Bc4 b5 31. Bf1 Rd2 32. e4 a6 33. a3 Rb2
34. b4 Ne2+ 35. Kf2 Nd4+ 36. Kg3 Nc2 37. Rd1 Nxa3 38. Rd6 Rxb4 39. Rxa6 Nc2 40.
Ra8+ Kg7 41. Ra5 Nd4 42. Kf4 Rb3 43. Ke5 Nc6+ 44. Kd5 Nxa5 45. Kc5 Nb7+ 46. Kc6
Nd8+ 47. Kc5 Ne6+ 48. Kd5 Rb1 49. Bd3 Rd1 50. Kc6 Nd4+ 51. Kc5 Rxd3 52. Kb4
Rb3+ 53. Kc5 Ne6+ 54. Kd5 Rd3+ 55. Kc6 b4 56. Kb5 b3 57. Kc4 Re3 58. e5 b2 59.
f4 b1=Q 60. f5 Qb3# 0-1

[Event "Ì11Ï"]
[Site "Loo"]
[Date "2017.04.24"]
[Round "5.34"]
[White "Øóøóíîâ, Àëåêñåé."]
[Black "Èñàéêèí, Âàëåðèé."]
[Result "1-0"]
[WhiteElo "1394"]
[BlackElo "1297"]
[PlyCount "179"]
[EventDate "2017.04.20"]

1. d4 Nf6 2. c4 c5 3. d5 b5 4. cxb5 a6 5. b6 Qxb6 6. g3 g6 7. Bg2 d6 8. Nc3 Bg7
9. Nf3 O-O 10. O-O Bf5 11. Nd2 Qc7 12. Nc4 Bd7 13. a4 Ra7 14. e4 Ng4 15. h3 Ne5
16. Ne3 f6 17. f4 Nf7 18. Nc4 Qb7 19. Bd2 Be8 20. Ra3 Qc7 21. Be3 Nd7 22. a5
Nb8 23. Nb6 Bb5 24. Re1 Nd7 25. Rb3 Nxb6 26. Nxb5 axb5 27. axb6 Qxb6 28. Bf1 b4
29. Qd2 Rfa8 30. Bc4 Nd8 31. Qf2 Nb7 32. Bd2 Na5 33. Rxb4 Qc7 34. Ra4 Nxc4 35.
Rxc4 Ra2 36. b4 R2a4 37. Rec1 Ra1 38. Kg2 Rxc1 39. Rxc1 c4 40. Bc3 Qa7 41. Qxa7
Rxa7 42. Rc2 Rc7 43. Bd4 e5 44. fxe5 fxe5 45. Bb6 Rc8 46. Ba5 h5 47. b5 Rc5 48.
Bb4 Rxb5 49. Rxc4 Rb6 50. g4 Bf8 51. Kf3 Kf7 52. Ke3 Kf6 53. Kf3 Kg5 54. Kg3
h4+ 55. Kf3 Kf6 56. Ke3 Kg5 57. Kf3 Kf6 58. Be1 Kg5 59. Bd2+ Kf6 60. g5+ Kg7
61. Kg4 Rb2 62. Bb4 Rg2+ 63. Kf3 Rg3+ 64. Kf2 Rxh3 65. Rc7+ Kg8 66. Rd7 Rg3 67.
Bxd6 Bxd6 68. Rxd6 Rxg5 69. Rc6 Kf7 70. Rc7+ Ke8 71. Rh7 Rh5 72. Rxh5 gxh5 73.
Kg2 Kd7 74. Kh3 Kd6 75. Kxh4 Kc5 76. Kxh5 Kd4 77. d6 Kxe4 78. d7 Kf3 79. d8=Q
e4 80. Qd1+ Kf2 81. Qd4+ e3 82. Kg4 Ke1 83. Qxe3+ Kd1 84. Qf2 Kc1 85. Qe2 Kb1
86. Kf3 Kc1 87. Ke3 Kb1 88. Kd3 Ka1 89. Kc3 Kb1 90. Qb2# 1-0

[Event "Ì11Ï"]
[Site "Loo"]
[Date "2017.04.24"]
[Round "5.35"]
[White "Íîâèêîâ, Äåíèñ."]
[Black "Ìåðöàëîâ, Ñåì¸í."]
[Result "1-0"]
[WhiteElo "1393"]
[BlackElo "1215"]
[PlyCount "75"]
[EventDate "2017.04.20"]

1. e4 c6 2. d4 d5 3. Nc3 e6 4. Nf3 Bb4 5. Bd3 Nd7 6. O-O Ne7 7. Ne2 c5 8. c3
Ba5 9. Be3 c4 10. Bc2 b5 11. a3 Bb7 12. Ng3 O-O 13. Rb1 f5 14. exf5 exf5 15.
Bd2 Bc7 16. Re1 f4 17. Nf1 Nf6 18. Ng5 Bc8 19. b3 f3 20. Nxf3 Bg4 21. h3 Bxf3
22. Qxf3 Ne4 23. Qh5 g6 24. Qh4 Nxd2 25. Rxe7 Rf7 26. Rbe1 Ne4 27. Bxe4 Bd6 28.
Bxd5 Bxe7 29. Bxf7+ Kxf7 30. Qxh7+ Kf6 31. Ng3 Bxa3 32. Ne4+ Ke6 33. Nc5+ Kf6
34. Re6+ Kf5 35. Qf7+ Kg5 36. Qxg6+ Kf4 37. g3+ Kf3 38. Qe4# 1-0

[Event "Ì11Ï"]
[Site "Loo"]
[Date "2017.04.24"]
[Round "5.38"]
[White "Ñòàðîáûêèí, Ôåäîð."]
[Black "Øîâêàíü, Òàðàñ."]
[Result "0-1"]
[WhiteElo "1350"]
[BlackElo "1278"]
[PlyCount "86"]
[EventDate "2017.04.20"]

1. e4 e5 2. Nf3 Nf6 3. Nxe5 Nxe4 4. Qe2 Qe7 5. Qxe4 d6 6. d4 dxe5 7. Qxe5 Qxe5+
8. dxe5 Bf5 9. Bd3 Bxd3 10. cxd3 Nc6 11. O-O O-O-O 12. Be3 Nxe5 13. d4 Nc4 14.
b3 Nd6 15. Nd2 Nf5 16. Nf3 f6 17. Rac1 Bd6 18. d5 Rhe8 19. Bxa7 Ba3 20. Rc2
Rxd5 21. Bb6 Re7 22. g4 Nd6 23. Nd4 Kb8 24. Bxc7+ Rxc7 25. Rxc7 Kxc7 26. Ne6+
Kd7 27. Nxg7 Rg5 28. Nh5 Rxg4+ 29. Kh1 Ke7 30. Re1+ Re4 31. Rg1 Nf5 32. Ng7 Nh4
33. Nh5 Bb4 34. Rg7+ Ke6 35. h3 Bd6 36. f4 Bc5 37. Rxh7 Re1+ 38. Kh2 Re2+ 39.
Kh1 Nf3 40. f5+ Kd6 41. Rd7+ Kc6 42. Rd6+ Kxd6 43. Nxf6 Rh2# 0-1

[Event "Ì11Ï"]
[Site "Loo"]
[Date "2017.04.24"]
[Round "5.39"]
[White "Ìî÷àëîâ, Äìèòðèé."]
[Black "Æåðäåâ, Ðàäîìèð."]
[Result "1-0"]
[WhiteElo "1657"]
[BlackElo "1272"]
[PlyCount "71"]
[EventDate "2017.04.20"]

1. e4 d5 2. exd5 Nf6 3. d4 Nxd5 4. c4 Nb6 5. Nf3 g6 6. Be2 Bg7 7. c5 Nd5 8. Nc3
Be6 9. Ng5 Nxc3 10. bxc3 Bd5 11. O-O Nc6 12. Be3 h6 13. Nf3 e6 14. Re1 O-O 15.
Qc1 Kh7 16. Rd1 Qe7 17. c4 Be4 18. d5 Bxa1 19. Qxa1 exd5 20. cxd5 Bxf3 21. Bxf3
Ne5 22. Be2 Nc4 23. Bxc4 Rad8 24. Qc3 Rg8 25. h3 Rd7 26. Bb3 b6 27. c6 Rdd8 28.
Qc4 Rd6 29. Rd4 Rgd8 30. Re4 Qf6 31. Qd4 Qxd4 32. Rxd4 f5 33. Bf4 Rf6 34. Bxc7
Re8 35. d6 Rf7 36. Bxf7 1-0

[Event "Ì11Ï"]
[Site "Loo"]
[Date "2017.04.24"]
[Round "5.40"]
[White "Àááàñîâ, Àçèç."]
[Black "Áëèíîâ, Èâàí."]
[Result "1-0"]
[WhiteElo "1471"]
[BlackElo "1259"]
[PlyCount "137"]
[EventDate "2017.04.20"]

1. e4 e6 2. d4 d5 3. Nc3 Bb4 4. a3 Bxc3+ 5. bxc3 dxe4 6. Qg4 g6 7. Qxe4 Nc6 8.
Bb5 Bd7 9. d5 Nge7 10. dxc6 Nxc6 11. Nf3 f5 12. Qd3 Qe7 13. Bg5 Qf7 14. Bxc6
Bxc6 15. Ne5 Qg7 16. Nxc6 bxc6 17. Qc4 Qe5+ 18. Be3 f4 19. Qd4 Qxd4 20. Bxd4
O-O 21. O-O Rf5 22. Rfe1 Re8 23. Bxa7 Rg5 24. f3 Rd8 25. Rxe6 Rd2 26. Bf2 c5
27. Rc6 Rgd5 28. h3 Rxc2 29. Rxc5 Rxc5 30. Bxc5 Rxc3 31. Bb4 Rc6 32. a4 Ra6 33.
a5 Kf7 34. Kf2 Ke6 35. Rd1 c5 36. Be1 c4 37. Ke2 Rd6 38. Rxd6+ Kxd6 39. Kd2 Kc5
40. Kc3 Kb5 41. a6 Kxa6 42. Kxc4 Kb6 43. Kd5 Kc7 44. Ke6 Kd8 45. Kf7 Kd7 46.
Kg7 Ke6 47. g4 fxg3 48. Bxg3 Kf5 49. Kxh7 g5 50. Kh6 Kf6 51. h4 gxh4 52. Bxh4+
Kf5 53. Bg5 Ke5 54. Kg6 Ke6 55. f4 Kd7 56. f5 Ke8 57. f6 Kf8 58. Bh6+ Ke8 59.
f7+ Kd7 60. f8=Q Ke6 61. Bg7 Kd5 62. Qe7 Kc6 63. Be5 Kd5 64. Qd6+ Ke4 65. Qd4+
Kf3 66. Bf4 Kg4 67. Bh2+ Kf3 68. Qd3+ Kg4 69. Qg3# 1-0

[Event "Ì11Ï"]
[Site "Loo"]
[Date "2017.04.24"]
[Round "5.41"]
[White "Ñåðãèåíêî, Èâàí."]
[Black "Øåðåìåòüåâ, Âëàäèñëàâ."]
[Result "0-1"]
[WhiteElo "1259"]
[BlackElo "1469"]
[PlyCount "64"]
[EventDate "2017.04.20"]

1. e4 e5 2. Nf3 Nc6 3. Bb5 d6 4. O-O Bd7 5. d3 g6 6. Nc3 Bg7 7. Be3 Nf6 8. Nd2
O-O 9. f4 Ng4 10. Bf2 exf4 11. h3 Nxf2 12. Rxf2 Bd4 13. Qe2 Nb4 14. Bxd7 Qxd7
15. Nb3 Bxf2+ 16. Qxf2 d5 17. a3 d4 18. Nxd4 Nc6 19. Nxc6 Qxc6 20. Qxf4 Qb6+
21. Qf2 Qxb2 22. Qe1 Qxc2 23. d4 Qd3 24. Rd1 Qa6 25. Ra1 Qd6 26. d5 c6 27. Kh1
cxd5 28. exd5 Rfe8 29. Qd2 Rac8 30. Qd3 Qe5 31. Rc1 Qe3 32. Qxe3 Rxe3 0-1

[Event "Ì11Ï"]
[Site "Loo"]
[Date "2017.04.24"]
[Round "5.42"]
[White "Çèìèí, Àðòóð."]
[Black "Ìàììàäîâ, Èëüãàð."]
[Result "1-0"]
[WhiteElo "1255"]
[BlackElo "1440"]
[PlyCount "116"]
[EventDate "2017.04.20"]

1. d4 Nf6 2. Nc3 g6 3. e4 Bg7 4. Be3 d6 5. f3 O-O 6. Qd2 Nbd7 7. O-O-O e5 8. g4
Ne8 9. h4 f5 10. h5 f4 11. Bf2 g5 12. h6 Bf6 13. Rh5 c6 14. Bc4+ Kh8 15. dxe5
dxe5 16. Be6 b6 17. Bxd7 Qc7 18. Bxc8 Rxc8 19. Qd7 Qb8 20. Nge2 Rc7 21. Qe6
Rff7 22. Ng1 Rf8 23. Nh3 Rg8 24. Rd7 Qc8 25. Rd6 Qb7 26. Rd2 Re7 27. Qf5 Rf7
28. Ng1 Qe7 29. Nge2 Nd6 30. Rxd6 Qxd6 31. Rh1 Re8 32. Bh4 gxh4 33. g5 Bxg5 34.
Qxf7 Qf8 35. Qxa7 Qxh6 36. Qxb6 Rg8 37. Qg1 Bf6 38. Qh2 Be7 39. Nd1 Ra8 40.
Nec3 Qh5 41. Qh3 Rg8 42. Ne2 Qf7 43. Ndc3 h5 44. Qf5 Qxf5 45. exf5 Rf8 46. Ne4
Rxf5 47. c3 Rf8 48. b4 Rd8 49. Kc2 Kg7 50. a4 Kf7 51. a5 Ke6 52. Nc5+ Kd5 53.
Kb3 e4 54. Nxf4+ Ke5 55. Ng6+ Kf6 56. Nxe7 Kxe7 57. fxe4 Kf6 58. Rxh4 Kg5 1-0

[Event "Ì11Ï"]
[Site "Loo"]
[Date "2017.04.24"]
[Round "5.43"]
[White "Íåãîðååâ, Çàõàð."]
[Black "Áàáèêîâ, Àëåêñåé."]
[Result "1-0"]
[WhiteElo "1428"]
[BlackElo "1249"]
[PlyCount "67"]
[EventDate "2017.04.20"]

1. e4 e5 2. Nf3 Nc6 3. Bb5 a6 4. Ba4 Nf6 5. d3 d6 6. c3 Bd7 7. O-O h6 8. Nbd2
Be7 9. Re1 O-O 10. Nf1 Bg4 11. h3 Bh5 12. Ng3 Bg6 13. d4 exd4 14. cxd4 b5 15.
Bc2 Re8 16. Nh4 Bh7 17. Nhf5 Bxf5 18. Nxf5 Bf8 19. f3 Kh7 20. e5 dxe5 21. Ne7+
Kh8 22. Nxc6 Qd5 23. Nxe5 Re7 24. Bb3 Qb7 25. Nxf7+ Kh7 26. Ne5 Rae8 27. Qd3+
g6 28. Qxg6+ Kh8 29. Qxf6+ Bg7 30. Ng6+ Kh7 31. Rxe7 Rxe7 32. Qxe7 Kxg6 33.
Bc2+ Kh5 34. g4# 1-0

[Event "Ì11Ï"]
[Site "Loo"]
[Date "2017.04.24"]
[Round "5.44"]
[White "Öûáåíîâ, Àðñëàí."]
[Black "Åðåìèí, Èâàí."]
[Result "1-0"]
[WhiteElo "1425"]
[BlackElo "1227"]
[PlyCount "63"]
[EventDate "2017.04.20"]

1. e4 c5 2. Nf3 d6 3. d4 cxd4 4. Nxd4 Nf6 5. Nc3 e5 6. Ndb5 a6 7. Na3 Be7 8.
Bg5 O-O 9. Bxf6 Bxf6 10. Nd5 Bg5 11. Nc4 f5 12. h4 Bh6 13. Ncb6 Ra7 14. Nxc8
Qxc8 15. Ne7+ Kh8 16. Nxc8 Rxc8 17. Qxd6 Nc6 18. Rd1 Nd4 19. c3 Nc6 20. Bc4
Raa8 21. O-O fxe4 22. Rd5 Rf8 23. g4 Bf4 24. Qc7 Rab8 25. Rd7 Rfc8 26. Qd6 Na5
27. Qe7 Bh6 28. g5 Nc6 29. Qd6 Na5 30. gxh6 Nxc4 31. hxg7+ Kg8 32. Qe6# 1-0